| 000 | 00835nam a22002177a 4500 | ||
|---|---|---|---|
| 003 | BUBTL | ||
| 008 | 220120b ||||| |||| 00| 0 eng d | ||
| 020 | _a9789840416547 | ||
| 082 | _a954.92/ Al117v/ 2014 | ||
| 100 |
_94490 _aআলম, মোহীত উল |
||
| 245 |
_aভাষা মুক্তিযুদ্ধ বঙ্গবন্ধু / _cমোহীত উল আলম |
||
| 250 | _a1st Edn. | ||
| 260 |
_aঢাকা, _bআগামী প্রকাশনী : _cc2014 |
||
| 300 |
_a160 p.: _c22 cm. |
||
| 505 | _aভাষা, মুক্তিযুদ্ধ, বঙ্গবন্ধু, মোহীত উল আলম | ||
| 650 | 0 |
_93573 _aবঙ্গবন্ধু |
|
| 650 | 0 |
_94372 _aBangabandhu |
|
| 856 |
_k0 _l0 _yDownload |
||
| 942 |
_2ddc _cBK |
||
| 999 |
_c6641 _d6641 |
||